00149 a2200073 450000100060000010000140000624500340002026000210005426831 aKeppel, A aGun running the indian N.W.F. abGosha-e-Adabc